[Event "Northern Trappers -v- Apple Pie"]
[Site "SchemingMind.com"]
[Date "2011.10.16"]
[Round "-"]
[White "eraymond"]
[Black "littleboo"]
[Result "1-0"]
[WhiteCountry "CAN"]
[BlackCountry "USA"]
[WhiteElo "2339"]
[WhiteRD "88"]
[BlackElo "2160"]
[BlackRD "78"]
[GameID "295064"]

1. e4 c5 2. Nf3 Nc6 3. Bb5 Nf6 4. Nc3 Nd4 5. e5 Nxb5 6. Nxb5 Nd5 7. O-O a6 8. Nc3 Nxc3 9. dxc3 d5 10. exd6 Qxd6
11. Qe2 Bf5 12. Re1 Rd8 13. Be3 Qc7 14. Nh4 Be6 15. Rad1 Rxd1 16. Rxd1 Bd7 17. Qh5 b6 18. Qe2 Bc8 19. g3 Bb7 20. Bf4 Qc6
21. f3 c4 22. Rd4 e6 23. Qe5 Rg8 24. Nf5 f6 25. Nd6+ Qxd6 26. Qxd6 Bxd6 27. Rxd6 b5 28. Rxe6+ Kf7 29. Rd6 Bxf3 30. Rxa6 Re8
31. Rb6 Re2 32. h4 Rxc2 33. Rxb5 h6 34. a4 Ke7 35. a5 g5 36. Bb8 gxh4 37. gxh4 Bc6 38. Rb6 Kd7 39. a6 Rg2+ 40. Kf1 Rg4
41. a7 Ba8 42. Rxf6 Rxh4 43. Bg3 Rh1+ 44. Ke2 Ra1 45. Rxh6 Bb7 46. Bb8 Ba8 47. Ke3 Rh1 48. Rxh1 Bxh1 49. Kd4 Kd8 50. Kxc4 Kc8
51. Kc5 Kb7 52. b4 Bg2= 53. c4 Bh3 54. b5 Be6 55. Kb4 Ka8 56. c5 Bd5= 57. Be5 Kxa7 58. c6 Bf3 59. Kc5 Ka8 60. Kd6 Be4
61. Kc7 Ka7 62. Bd4+ Ka8 63. b6 Bxc6 64. Kxc6
1-0

[Event "Northern Trappers -v- Apple Pie"]
[Site "SchemingMind.com"]
[Date "2011.10.16"]
[Round "-"]
[White "littleboo"]
[Black "eraymond"]
[Result "0-1"]
[WhiteCountry "USA"]
[BlackCountry "CAN"]
[WhiteElo "2162"]
[WhiteRD "81"]
[BlackElo "2331"]
[BlackRD "89"]
[GameID "295075"]

1. e4 e5 2. Nf3 Nc6 3. Bc4 Nf6 4. Ng5 d5 5. exd5 Na5 6. Bb5+ c6 7. dxc6 bxc6 8. Qf3 h6 9. Ne4 Nd5 10. Be2 Be7
11. d3 O-O 12. O-O f5 13. Nec3 Be6 14. Qg3 f4 15. Qf3 Nb4 16. Na3 c5 17. Ne4 Nxa2 18. Bd2 Nb4 19. Rfe1 Qd7 20. b3 Rad8
21. Bc1 Nbc6 22. Bb2 Nd4 23. Bxd4 cxd4 24. Ra2 Nc6 25. Nc4 Nb4 26. Ra5 Qc7 27. Rea1 a6 28. Bd1 g6 29. Qe2 Kg7 30. Qd2 Rb8
31. Bf3 Rb5 32. R5a4 Rfb8 33. Qe2 h5 34. Rc1 a5 35. Re1 Nd5 36. Rea1 Ra8 37. Kh1 Ra7 38. R4a2 Bf5 39. Rb2 Qb8 40. Re1 a4
41. Qf1 Bxe4 42. Bxe4 Nc3 43. Ra1 a3 44. Rba2 Nxa2 45. Rxa2 Bb4 46. Qe2 Qe8 47. h3 Qe7 48. Bc6 Rc5 49. Be4 Ra6 50. Qf3 Rf6
51. Kh2 Qd7 52. Kh1 Rb5 53. Kg1 Re6 54. Qe2 Be7 55. Nd2 Reb6 56. Nc4 Ra6 57. Bf3 Qe6 58. Be4 Bb4 59. Qf3 Kh6 60. Bb7 Ra7
61. Bc6 Rc5 62. Be4 g5 63. g4 hxg4 64. hxg4 Kg7 65. Bf5 Qh6 66. Be4 Rc8 67. Nxe5 Rxc2 68. Rxc2 a2 69. Rxa2 Rxa2 70. Kg2 Be1
71. Bf5 Rxf2+ 72. Qxf2 Bxf2 73. Kxf2 Qh2+ 74. Kf3 Qh1+ 75. Kf2 Qh3 76. Be4 Kf6 77. Nf3 Qxg4 78. Ke1 Qg3+ 79. Kd1 g4 80. Nd2 Qg1+
81. Kc2 g3 82. b4 Qf2 83. b5 g2 84. Bxg2 Qxg2 85. b6 Qc6+ 86. Kd1 f3 87. Ne4+ Ke5
0-1

[Event "Northern Trappers -v- Apple Pie"]
[Site "SchemingMind.com"]
[Date "2011.10.12"]
[Round "-"]
[White "brankat"]
[Black "David Carter"]
[Result "0-1"]
[WhiteCountry "CAN"]
[BlackCountry "USA"]
[WhiteElo "2059"]
[WhiteRD "120"]
[BlackElo "2108"]
[BlackRD "69"]
[GameID "295065"]

1. d4 d5 2. c4 e6 3. Nc3 Nf6 4. Bg5 Be7 5. e3 O-O 6. Nf3 h6 7. Bh4 b6 8. Bd3 Bb7 9. O-O Nbd7 10. Qe2 a6
11. Rfd1 c5 12. dxc5 bxc5 13. cxd5 exd5 14. Bc2 Re8 15. Ba4 Rf8 16. Bg3 Nb6 17. Bc2 Re8 18. a4 Qc8 19. Be5 Qe6 20. Bd3 Nbd7
21. Bc7 Bd8 22. Bxd8 Raxd8 23. h3 d4 24. exd4 Bxf3 25. Qxf3 cxd4 26. Na2 Ne5 27. Qf5 Nxd3 28. Qxd3 Qe2 29. Qd2 Qxd2 30. Rxd2 Ne4
31. Rdd1 Nc5 32. Nb4 d3 33. Nc6 Rd6 34. b4 Ne4 35. Na5 d2 36. Ra2 Ng3 37. Kh2 Re1 38. Raa1 Nf1+ 39. Kg1 Rde6 40. Nc4 Rxd1
41. Rxd1 Re1 42. Nxd2 Rxd1 43. Nxf1 Rd4 44. b5 a5
0-1

[Event "Northern Trappers -v- Apple Pie"]
[Site "SchemingMind.com"]
[Date "2011.10.12"]
[Round "-"]
[White "David Carter"]
[Black "brankat"]
[Result "0-1"]
[WhiteCountry "USA"]
[BlackCountry "CAN"]
[WhiteElo "2092"]
[WhiteRD "69"]
[BlackElo "2098"]
[BlackRD "123"]
[GameID "295076"]

1. c4 Nf6 2. Nc3 e5 3. e3 Nc6 4. d4 Bb4 5. Nf3 exd4 6. exd4 d5 7. Bd3 O-O 8. O-O Bg4 9. Be3 dxc4 10. Bxc4 Rb8
11. Be2 Re8 12. a3 Bd6 13. h3 Bf5 14. Rc1 a6 15. Re1 h6 16. d5 Ne5 17. Nd4 Bd7 18. Qd2 Ng6 19. Nb3 Bf5 20. Nc5 Kh8
21. b4 Ne4 22. N3xe4 Bxe4 23. Nxe4 Rxe4 24. Bd3 Rh4 25. Bxg6 fxg6 26. Qc3 Rh5 27. Bd4 Qd7 28. Be5 Rf8 29. Bxd6 cxd6 30. Qd4 Rg5
31. Re6 Rff5 32. Qc4 Qd8 33. Qc8 Rf8 34. Qxb7 Rxg2+
0-1

[Event "Northern Trappers -v- Apple Pie"]
[Site "SchemingMind.com"]
[Date "2011.10.13"]
[Round "-"]
[White "timer"]
[Black "ArtistDude"]
[Result "1/2-1/2"]
[WhiteCountry "USA"]
[BlackCountry "USA"]
[WhiteElo "1934"]
[WhiteRD "89"]
[BlackElo "1887"]
[BlackRD "91"]
[GameID "295066"]

1. e4 d6 2. d4 Nf6 3. Nc3 g6 4. Nf3 Bg7 5. Be2 O-O 6. O-O Bg4 7. Be3 Nc6 8. Bb5 Nd7 9. Bxc6 bxc6 10. h3 Bxf3
11. Qxf3 e5 12. Rad1 Qb8 13. b3 Qb4 14. Ne2 Qa3 15. Nc1 c5 16. dxc5 Nxc5 17. Bxc5 Qxc5 18. c4 a5 19. Rd5 Qa3 20. Rfd1 Bh6
21. Qc3 Rfb8 22. Rb5 c6 23. Rxb8+ Rxb8 24. Qc2 Bxc1 25. Rxc1 a4 26. Rb1 Qb4 27. f3 Kg7 28. Kh2 h5 29. Qd3 Qc5 30. Rd1 axb3
31. axb3 Rd8 32. Qc3 f6 33. b4 Qb6 34. c5 dxc5 35. bxc5 Qc7 36. Rxd8 Qxd8 37. Qb3 Qd7 38. h4 f5 39. exf5 gxf5 40. Qb2 Qe7
41. Qf2 e4 42. fxe4 fxe4 43. Kg1 e3 44. Qg3+ Kh7 45. Kf1 Qxc5 46. Ke2 Qc2+ 47. Kxe3 Qc3+ 48. Kf2 Qxg3+ 49. Kxg3 Kg6 50. Kf4 c5
51. Ke4 c4 52. Kd4 Kf5 53. Kxc4 Kg4 54. Kd3 Kxh4 55. Ke2 Kg3=
1/2-1/2

[Event "Northern Trappers -v- Apple Pie"]
[Site "SchemingMind.com"]
[Date "2011.10.13"]
[Round "-"]
[White "ArtistDude"]
[Black "timer"]
[Result "1-0"]
[WhiteCountry "USA"]
[BlackCountry "USA"]
[WhiteElo "1887"]
[WhiteRD "91"]
[BlackElo "1934"]
[BlackRD "89"]
[GameID "295077"]

1. e4 e5 2. f4 d6 3. Nf3 exf4 4. d4 g5 5. h4 g4 6. Ng1 Bh6 7. Nc3 Nf6 8. Nge2 Nh5 9. g3 Nxg3 10. Nxg3 Nc6
11. Nf5 Bxf5 12. exf5 Qe7+ 13. Qe2 Qxe2+ 14. Nxe2 Bg7 15. Bxf4 Nb4 16. O-O-O Nxa2+ 17. Kb1 Nb4 18. c3 Nd5 19. Bg2 Nxf4 20. Nxf4 O-O-O
21. Bd5 Rhf8 22. Nh5 Bh6 23. Rhg1 c6 24. Bb3 d5 25. Rxg4 f6 26. Ng7 Bxg7 27. Rxg7 Rd7 28. Rdg1 Rff7 29. Rxf7 Rxf7 30. Rg8+ Kc7
31. Bd1 b5 32. Bh5 Rd7 33. Be8 Re7 34. Rf8 a5 35. Bf7 Re1+ 36. Ka2 b4 37. Be6 bxc3 38. bxc3 Re3 39. Rf7+ Kb6 40. Rxf6 Rxc3
41. Bxd5 Rc2+ 42. Kb3 Rc1 43. Rxc6+ Rxc6 44. Bxc6 Kxc6 45. f6
1-0

[Event "Northern Trappers -v- Apple Pie"]
[Site "SchemingMind.com"]
[Date "2011.10.13"]
[Round "-"]
[White "opto"]
[Black "wayder"]
[Result "0-1"]
[WhiteCountry "CAN"]
[BlackCountry "USA"]
[WhiteElo "1939"]
[WhiteRD "95"]
[BlackElo "1878"]
[BlackRD "90"]
[GameID "295067"]

1. e4 e5 2. Nf3 Nf6 3. d4 Nxe4 4. Bd3 d5 5. Nxe5 Nd7 6. Nxd7 Bxd7 7. O-O Qf6 8. Bxe4 dxe4 9. Re1 O-O-O 10. Be3 Qg6
11. Qe2 Bg4 12. Qf1 h5 13. Kh1 h4 14. h3 Be6 15. c4 c6 16. Nc3 Bd6 17. d5 Bd7 18. Bxa7 Bg3 19. c5 Rh5 20. d6 Rf5
21. Re2 e3 22. f3 Rf4 23. Rxe3 f5 24. Ne2 Ra4 25. Bb6 Re8 26. Rxe8+ Qxe8 27. Qd1 Ra6 28. Nxg3 hxg3 29. f4 g5 30. fxg5 f4
31. a4 Bxh3 32. Qe1 Qh8 33. Qc3 Qh5 34. Kg1 Bg4 35. d7+ Bxd7 36. Qe5 Qh2+ 37. Kf1 Qh1+ 38. Ke2 Qxg2+ 39. Kd3 Qd5+ 40. Qxd5 cxd5
41. g6 Bf5+ 42. Kd4 Bxg6 43. Kxd5 g2 44. a5 f3 45. Rg1 f2 46. Rxg2 f1=Q
0-1

[Event "Northern Trappers -v- Apple Pie"]
[Site "SchemingMind.com"]
[Date "2011.10.13"]
[Round "-"]
[White "wayder"]
[Black "opto"]
[Result "0-1"]
[WhiteCountry "USA"]
[BlackCountry "CAN"]
[WhiteElo "1847"]
[WhiteRD "88"]
[BlackElo "1963"]
[BlackRD "93"]
[GameID "295078"]

1. d4 f5 2. g3 Nf6 3. Bg2 e6 4. Nf3 Be7 5. O-O O-O 6. c4 d6 7. Nc3 Qe8 8. Re1 Bd8 9. e4 fxe4 10. Nxe4 Nxe4
11. Rxe4 Qg6 12. Nh4 Bxh4 13. Rxh4 Qf7 14. Qe2 Nc6 15. d5 Nd8 16. Qd3 Qxf2+ 17. Kh1 Qe1+ 18. Bf1 Rxf1+ 19. Kg2 Rf2+
0-1

[Event "Northern Trappers -v- Apple Pie"]
[Site "SchemingMind.com"]
[Date "2011.10.12"]
[Round "-"]
[White "jbgood"]
[Black "pengle"]
[Result "1-0"]
[WhiteCountry "CAN"]
[BlackCountry "USA"]
[WhiteElo "1752"]
[WhiteRD "92"]
[BlackElo "1782"]
[BlackRD "92"]
[GameID "295068"]

1. e4 c5 2. Bc4 e6 3. Nf3 b6 4. d3 Nc6 5. Nc3 Bb7 6. Bg5 Be7 7. Bf4 d6 8. d4 cxd4 9. Nb5 e5 10. Bg3 Nf6
11. Ng5 O-O 12. Qf3 Nb4 13. Qb3 Nfd5 14. h4 h6 15. exd5 Nxc2+ 16. Qxc2 hxg5 17. hxg5 g6 18. f4 exf4 19. Bxf4 Re8 20. O-O-O a6
21. Nxd4 b5 22. Ne6 Qb8 23. Qc3 f6 24. gxf6 Bxd5 25. fxe7 Kf7 26. Rh7+ Kxe6 27. Bxd5+
1-0

[Event "Northern Trappers -v- Apple Pie"]
[Site "SchemingMind.com"]
[Date "2011.10.12"]
[Round "-"]
[White "pengle"]
[Black "jbgood"]
[Result "1-0"]
[WhiteCountry "USA"]
[BlackCountry "CAN"]
[WhiteElo "1782"]
[WhiteRD "92"]
[BlackElo "1752"]
[BlackRD "92"]
[GameID "295079"]

1. d4 Nf6 2. c4 e6 3. Bf4 Bb4+ 4. Bd2 Nc6 5. e3 b6 6. Nc3 Ba6 7. a3 Bxc3 8. Bxc3 Ne4 9. Bd3 Nxc3 10. bxc3 d6
11. Qa4 Bb7 12. Nf3 O-O 13. Qc2 g6 14. e4 Re8 15. O-O Ne7 16. d5 exd5 17. cxd5 c6 18. c4 Rc8 19. Qd2 c5 20. Qh6 Kh8
21. Ng5
1-0

[Event "Northern Trappers -v- Apple Pie"]
[Site "SchemingMind.com"]
[Date "2011.10.14"]
[Round "-"]
[White "Odinson"]
[Black "diggies"]
[Result "1-0"]
[WhiteCountry "USA"]
[BlackCountry "USA"]
[WhiteElo "1658"]
[WhiteRD "75"]
[BlackElo "1676"]
[BlackRD "94"]
[GameID "295069"]

1. e4 e5 2. f4 exf4 3. Nf3 d6 4. d4 g5 5. Bc4 Nc6 6. c3 Bg4 7. O-O Nf6 8. Qb3 Qd7 9. Nxg5 Nd8 10. Bxf4 h6
11. Nf3 c6 12. e5 Nh5 13. Be3 Ng7 14. exd6 Bxd6 15. Ne5 Bxe5 16. dxe5 Nde6 17. h3 Bf5 18. g4 Bg6 19. h4 h5 20. g5 Nf5
21. Bxe6 fxe6 22. Bf2 b6 23. Nd2 O-O-O 24. Ne4 Kc7 25. Nf6 Qe7 26. Rad1 Bf7 27. a4 Ng7 28. a5 c5 29. axb6+ axb6 30. Qa4 Kb7
31. Rxd8 Qxd8 32. Rd1 Qxd1+ 33. Qxd1 Rc8 34. Ne4 Nf5 35. Nd6+ Nxd6 36. Qxd6 Rc6 37. Qe7+ Rc7 38. Qf6 Rd7 39. g6 Bg8 40. g7 Rf7
41. Qh6 Kc7 42. Qh8 Rf5 43. Qxg8 Rf4 44. Qxe6 Rg4+ 45. Qxg4
1-0

[Event "Northern Trappers -v- Apple Pie"]
[Site "SchemingMind.com"]
[Date "2011.10.12"]
[Round "-"]
[White "diggies"]
[Black "Odinson"]
[Result "1-0"]
[WhiteCountry "USA"]
[BlackCountry "USA"]
[WhiteElo "1676"]
[WhiteRD "94"]
[BlackElo "1658"]
[BlackRD "75"]
[GameID "295080"]

1. e4 d5 2. exd5 Qxd5 3. Nf3 Bf5 4. Nc3 Qa5 5. d4 Nf6 6. Bd3 e6 7. O-O Be7 8. a3 O-O 9. Re1 Bxd3 10. Qxd3 Nbd7
11. Ne5 Nxe5 12. dxe5 Nd5 13. Bd2 c6 14. Qg3 Nxc3 15. Bh6 g6 16. Bxf8 Bxf8 17. Qxc3 Qc7 18. Rad1 Bg7 19. b3 Rd8 20. Qe3 b6
21. f4 Bf8 22. b4 a5 23. c3 axb4 24. axb4 c5 25. b5 c4 26. Qf3 Qc5+ 27. Qf2 Rxd1 28. Rxd1 Qxb5 29. Qf3 Qb3 30. h3 b5
31. Kh2 b4 32. cxb4 Qxb4 33. Rc1 Bh6 34. Kg3 Bf8 35. Qc3 h5 36. Qxc4 Qa3+ 37. Rc3 Qa1 38. Qd3 Qe1+ 39. Kh2 Qf2 40. Qe3 Qh4
41. Rc7 Qd8 42. Qc3 Kg7 43. Rc8 Qb6 44. Qc6 Qf2 45. Qc4 h4 46. Qe4 Bc5 47. Rxc5 Qxc5 48. Qe1 g5 49. fxg5 Kg6 50. Qe4+ Kxg5
51. Qg4+ Kh6 52. Qxh4+ Kg6 53. Qf6+ Kh5 54. g4#
1-0

[Event "Northern Trappers -v- Apple Pie"]
[Site "SchemingMind.com"]
[Date "2011.10.13"]
[Round "-"]
[White "Pawn Broker"]
[Black "jpetric"]
[Result "0-1"]
[WhiteCountry "USA"]
[BlackCountry "USA"]
[WhiteElo "1628"]
[WhiteRD "94"]
[BlackElo "1661"]
[BlackRD "81"]
[GameID "295070"]

1. d4 d5 2. e4 dxe4 3. f3 Nf6 4. Nc3 exf3 5. Nxf3 Bg4 6. Bc4 e6 7. O-O Bd6 8. h3 Bh5 9. Qd3 Nbd7 10. b3 Bg6
11. Qe3 O-O 12. Bb2 Bxc2 13. d5 exd5 14. Nxd5 Re8 15. Qg5 Bg6 16. Nxf6+ gxf6 17. Nh4 fxg5 18. Nxg6 hxg6 19. Rxf7 Ne5 20. Rxc7+ Nxc4
21. Rxc4 Qe7 22. Bc3 Qe3+ 23. Kh1 Qg3
0-1

[Event "Northern Trappers -v- Apple Pie"]
[Site "SchemingMind.com"]
[Date "2011.10.13"]
[Round "-"]
[White "jpetric"]
[Black "Pawn Broker"]
[Result "0-1"]
[WhiteCountry "USA"]
[BlackCountry "USA"]
[WhiteElo "1661"]
[WhiteRD "81"]
[BlackElo "1628"]
[BlackRD "94"]
[GameID "295081"]

1. e4 c5 2. d4 cxd4 3. Qxd4 Nc6 4. Qa4 d6 5. Nc3 Bd7 6. Bb5 Nf6 7. Nge2 a6 8. Bxc6 Bxc6 9. Qb4 e6 10. Bf4 e5
11. Be3 d5 12. exd5 Bxb4 13. dxc6 bxc6 14. O-O Ng4 15. a3 Nxe3 16. fxe3 Bc5 17. Kf2 Qh4+ 18. Ng3 Qf4+ 19. Kg1 Qxe3+ 20. Kh1 O-O
21. Rae1 Qg5 22. Nce4 Qe7 23. Nf5 Qa7 24. b4 Bb6 25. Nfd6 c5 26. c3 cxb4 27. axb4 Rad8 28. c4 Bc7 29. c5 Qb8 30. Rb1 Bxd6
31. Nxd6 Rxd6 32. cxd6 Qxd6 33. Rfd1 Qb6 34. Rd5 f6 35. h3 Qc6 36. Rc5 Qe4 37. Rcc1 Rb8 38. Re1 Qc2 39. Rec1 Qa4 40. Rc4 a5
41. Rbc1 axb4
0-1

[Event "Northern Trappers -v- Apple Pie"]
[Site "SchemingMind.com"]
[Date "2011.10.15"]
[Round "-"]
[White "Canuck36"]
[Black "echecs64"]
[Result "0-1"]
[WhiteCountry "CAN"]
[BlackCountry "USA"]
[WhiteElo "1497"]
[WhiteRD "86"]
[BlackElo "1751"]
[BlackRD "85"]
[GameID "295071"]

1. d4 d5 2. c4 dxc4 3. Nf3 Bf5 4. Nc3 e6 5. e4 Bg4 6. Bxc4 Nf6 7. O-O Be7 8. h3 Bxf3 9. Qxf3 Nc6 10. Be3 Nxd4
11. Bxd4 Qxd4 12. Bd3 Rd8 13. Rad1 Qb4 14. Qe2 O-O 15. a3 Qa5 16. e5 Nd7 17. f4 Nc5 18. g3 Qb6 19. Kh2 Rd7 20. b4 Nxd3
21. Rxd3 Rfd8 22. Rxd7 Rxd7 23. Qb2 Qe3 24. Rd1 Rd3 25. Rxd3 Qxd3 26. Ne2 b6 27. Nd4 c5 28. Nc6 Qd7 29. Nxe7+ Qxe7 30. Qc2 cxb4
31. axb4 h6 32. b5 Qc5 33. Qe2 g6 34. g4 Kg7 35. h4 Qb4 36. Kg3 Qe7 37. h5 g5 38. Qf3 gxf4+ 39. Qxf4 Qg5 40. Qa4 Qxe5+
41. Kh4 Qh2#
0-1

[Event "Northern Trappers -v- Apple Pie"]
[Site "SchemingMind.com"]
[Date "2011.10.13"]
[Round "-"]
[White "echecs64"]
[Black "Canuck36"]
[Result "1-0"]
[WhiteCountry "USA"]
[BlackCountry "CAN"]
[WhiteElo "1727"]
[WhiteRD "88"]
[BlackElo "1531"]
[BlackRD "88"]
[GameID "295082"]

1. d4 Nf6 2. Nf3 c5 3. c3 Nc6 4. dxc5 e6 5. b4 a5 6. Qa4 Nd5 7. Bg5 f6 8. Bh4 Be7 9. e3 O-O 10. Qc2 axb4
11. cxb4 Ndxb4 12. Qe4 f5 13. Qc4 Na6 14. Nc3 Na5 15. Bxe7 Qc7 16. Nb5 Qc6 17. Ne5 Nxc4 18. Nxc6 Nb2 19. Ne5 Re8 20. Bh4 Na4
21. Nd6 Kf8 22. Nxe8 Kxe8 23. Bb5 N4xc5 24. O-O Nc7 25. Bc4 b5 26. Bb3 Bb7 27. Rac1 Nxb3 28. Rxc7 Bd5 29. axb3 Bxb3 30. Nxd7 Ra4
31. Bg3 Bc4 32. Rc1 h6 33. Nb6 g6 34. Nxa4
1-0

[Event "Northern Trappers -v- Apple Pie"]
[Site "SchemingMind.com"]
[Date "2011.10.13"]
[Round "-"]
[White "mbeatini"]
[Black "Gilligan"]
[Result "1-0"]
[WhiteCountry "USA"]
[BlackCountry "USA"]
[WhiteElo "1623"]
[WhiteRD "91"]
[BlackElo "1500"]
[BlackRD "78"]
[GameID "295072"]

1. e4 e5 2. Nf3 Nc6 3. Bc4 d6 4. c3 Nf6 5. Qb3 d5 6. exd5 Be7 7. dxc6 O-O 8. Nxe5 Be6 9. Bxe6 fxe6 10. cxb7 Qd5
11. Qxd5 exd5 12. bxa8=Q Rxa8 13. d4 Rf8 14. O-O Ne4 15. Be3 a5 16. Nd2 Nd6 17. Ndf3 Ne4 18. Nc6 Bd6 19. Nxa5 Rb8 20. Nb3 Be7
21. Ne5 Bf6 22. f3 Nd6 23. Nd7
1-0

[Event "Northern Trappers -v- Apple Pie"]
[Site "SchemingMind.com"]
[Date "2011.10.13"]
[Round "-"]
[White "Gilligan"]
[Black "mbeatini"]
[Result "0-1"]
[WhiteCountry "USA"]
[BlackCountry "USA"]
[WhiteElo "1500"]
[WhiteRD "78"]
[BlackElo "1623"]
[BlackRD "91"]
[GameID "295083"]

1. d4 d5 2. c4 Nc6 3. e3 Bf5 4. Nc3 Nf6 5. Nf3 e6 6. Be2 Be7 7. O-O O-O 8. b3 Nb4 9. cxd5 Nbxd5 10. Nxd5 exd5
11. Ne5 c6 12. f3 Nd7 13. f4 f6 14. Nf3 Bd6 15. Nh4 Be4 16. Qe1 f5 17. Bd2 Be7 18. Nf3 h6 19. Qd1 Nf6 20. Ne5 Rf7
21. Nxf7 Kxf7 22. Bf3 Rc8 23. Rc1 Qf8 24. Qe1 Kg8 25. Qg3 Bxf3 26. Rxf3 Ne4 27. Qe1 Qf7 28. Qe2 Qh5 29. g3 Ba3 30. Rcf1 Rf8
31. Ba5 Be7 32. Bc7 Rf6 33. Be5 Rg6 34. Qg2 Rg4 35. h3 Rg6 36. Kh2 b6 37. Rh1 Bh4 38. g4 fxg4 39. Rff1 Ng3 40. f5 gxh3
41. Qxh3 Qe2+ 42. Qg2 Nxf1+ 43. Rxf1 Rxg2+ 44. Kh3 Qg4#
0-1

[Event "Northern Trappers -v- Apple Pie"]
[Site "SchemingMind.com"]
[Date "2011.10.12"]
[Round "-"]
[White "Clem"]
[Black "OneNightInBangkok"]
[Result "1-0"]
[WhiteCountry "USA"]
[BlackCountry "USA"]
[WhiteElo "1590"]
[WhiteRD "79"]
[BlackElo "1550"]
[BlackRD "89"]
[GameID "295073"]

1. e4 e5 2. Nf3 Nc6 3. d4 exd4 4. Nxd4 Nf6 5. Bd3 Nxd4 6. O-O d5 7. Nc3 Bc5 8. Bg5 Be7 9. exd5 O-O 10. a3 h6
11. Be3 Bc5 12. Be4 Bf5 13. Bxd4 Bxe4 14. Bxc5 Re8 15. Qd2 b6 16. Be3 Nxd5 17. Rad1 Re5 18. f4 Re6 19. Nxe4 c6 20. Ng3 Qd7
21. Bf2 Rd8 22. c4 Nf6 23. Qc2 Rd6 24. Rxd6 Qc7 25. Rxd8+ Qxd8 26. h3 Qd6 27. Rd1 Qe7 28. Nf5 Qc7 29. Bh4 Qxf4 30. Rd8+ Kh7
31. Bxf6 g6 32. Rh8#
1-0

[Event "Northern Trappers -v- Apple Pie"]
[Site "SchemingMind.com"]
[Date "2011.10.12"]
[Round "-"]
[White "OneNightInBangkok"]
[Black "Clem"]
[Result "0-1"]
[WhiteCountry "USA"]
[BlackCountry "USA"]
[WhiteElo "1550"]
[WhiteRD "89"]
[BlackElo "1590"]
[BlackRD "79"]
[GameID "295084"]

1. e4 e5 2. Nf3 Nc6 3. Bb5 a6 4. Ba4 b5 5. Bb3 Nf6 6. O-O Bc5 7. Nxe5 Nxe5 8. d4 Bxd4 9. Kh1 Bc5 10. Nc3 O-O
11. Nd5 Nxe4 12. Be3 c6 13. Qh5 cxd5 14. Bxd5 Nf6 15. Qxe5 d6 16. Qg3 Ra7 17. Bxc5 dxc5 18. Bf3 Re8 19. Rad1 Qa5 20. Bc6 Bd7
21. Bf3 Qxa2 22. Qd6 Qc4 23. Rfe1 h6 24. h3 Qxc2 25. Rd2 Rxe1+ 26. Kh2 Qc4 27. Rd1 Rxd1 28. Bxd1 Be6 29. Qb8+ Kh7 30. Qxa7 Qf4+
31. Kg1 Qd4 32. Bc2+ g6 33. Qxa6 Qxb2 34. Bxg6+ Kxg6 35. Qd6 Ne4 36. Qf4 Qd4 37. Kh2 Nxf2 38. Qg3+ Kh7 39. Qf3 b4 40. g3 b3
41. Qb7 b2 42. Kg2 Ba2 43. Qf3 Bd5 44. Qxd5 Qxd5+ 45. Kxf2 b1=Q 46. g4 Qdd3 47. g5 Qb2+ 48. Ke1 Qdb1#
0-1